Detalles MARC
| 000 -CABECERA |
| fixed length control field |
01030nam a2200277 a 4500 |
| 003 - CONTROL NUMBER IDENTIFIER |
| control field |
AR-BeUNQ |
| 005 - FECHA Y HORA DE LA ULTIMA TRANSACCION |
| control field |
20240619174455.0 |
| 007 - CAMPO FIJO DE DESCRIPCION FIJA - INFORMACION GENERAL |
| fixed length control field |
ta |
| 008 - ELEMENTOS DE LONGITUD FIJA-INFORMACION GENERAL |
| fixed length control field |
240618s2022 ag 000 0 spa d |
| 020 ## - NUMERO INTERNACIONAL NORMALIZADO PARA LIBROS |
| Número Internacional Normalizado del libro |
9788501297072 |
| 040 ## - FUENTE DE CATALOGACION |
| Agencia de catalogación original |
AR-BeUNQ |
| Idioma de catalogación |
ESPAÑOL |
| Agencia que realiza la transcripción |
AR-BeUNQ |
| Convenciones de la descripción |
aacr |
| 082 04 - NUMERO DE CLASIFICACION DECIMAL DEWEYMBER |
| Número de clasificación |
101 |
| Número de la edición |
21 |
| 100 1# - ASIENTO PRINCIPAL-NOMBRE PERSONAL |
| Nombre personal |
Sztajnszrajber, Darío, |
| Fecha asociada al nombre |
1968- |
| 245 10 - MENCION DE TITULO |
| Título |
¿Para que sirve la filosofía? / |
| Mención de responsabilidad, etc |
Darío Sztajnszrajber. |
| 250 ## - MENCION DE EDICION |
| Mención de edición |
1a ed. Editorial Planeta, 7a reimpr. en Editorial Paidós |
| 260 ## - PUBLICACION, DISTRIBUCION, ETC. |
| Lugar de publicación, distribución, etc. |
C.A:B.A. : |
| Nombre del editor, distribuidor, etc. |
Paidós, |
| Fecha de publicación, distribución, etc |
2022 |
| 300 ## - DESCRIPCION FISICA |
| Extensión |
339 p. ; |
| Dimensiones |
23 cm. |
| 504 ## - NOTA DE BIBLIOGRAFIA, ETC. |
| Nota de bibliografía, etc. |
Bibliografía: p. 335-337. |
| 505 0# - NOTA DE CONTENIDO |
| Nota de contenido con formato preestablecido |
El amor -- El postamor -- Dios -- La verdad -- La posverdad -- La democracia. |
| 650 #7 - ASIENTO SECUNDARIO DE MATERIA - TERMINO TEMATICO |
| Término temático o nombre geográfico como elemento de entrada |
Filosofía |
| Fuente del encabezamiento o términ |
spines |
| 650 #7 - ASIENTO SECUNDARIO DE MATERIA - TERMINO TEMATICO |
| Término temático o nombre geográfico como elemento de entrada |
Historia |
| Fuente del encabezamiento o términ |
spines |
| 650 #7 - ASIENTO SECUNDARIO DE MATERIA - TERMINO TEMATICO |
| Término temático o nombre geográfico como elemento de entrada |
Doctrinas filosóficas |
| Fuente del encabezamiento o términ |
spines |
| 929 ## - DATOS DE ADQUISICION |
| Procedencia |
COMPRA |
| Proveedor |
Cúspide Libros S. A. |
| Orden de compra |
Exp. 827-2000/2023 |
| Precio |
10710,00 |
| Fecha de recibido |
20231213 |
| Patrimonio UNQ |
PAT0081051 |
| Es copia |
1 |
| Número de inventario |
62359 |
| 929 ## - DATOS DE ADQUISICION |
| Procedencia |
COMPRA |
| Proveedor |
Cúspide Libros S. A. |
| Orden de compra |
Exp. 827-2000/2023 |
| Precio |
10710,00 |
| Fecha de recibido |
20231213 |
| Patrimonio UNQ |
PAT0081052 |
| Es copia |
2 |
| Número de inventario |
62360 |
| 942 ## - ELEMENTOS DE PUNTO DE ACCESO ADICIONAL (KOHA) |
| Tipo de ítem Koha |
Libros |